Deforestación y empobrecimiento del suelo

Spremljeno u:
Bibliografski detalji
Glavni autor: González Meza, Rodrigo
Format: Tekst
Izdano: San José: MAG. Dirección General Forestal
Oznake: Dodaj oznaku
Bez oznaka, Budi prvi tko označuje ovaj zapis!

MARC

LEADER 00000 a a2200000 04500
001 15898
003
040
090 |a 015200  
100 |a González Meza, Rodrigo  
245 |a Deforestación y empobrecimiento del suelo  
260 |a San José:   |b MAG. Dirección General Forestal  
300 |a 3 p.  
999 |c 6351  |d 6351